Le Roi malgré lui (Record no. 171900)

MARC details
000 -LEADER
campo de control de longitud fija 00785nam a2200205 i 4500
001 - NÚMERO DE CONTROL
campo de control 171900
003 - IDENTIFICADOR DE NÚMERO DE CONTROL
campo de control ES-MaACL
005 - FECHA Y HORA DE LA ÚLTIMA TRANSACCIÓN
campo de control 20230906214747.0
008 - DATOS DE LONGITUD FIJA--INFORMACIÓN GENERAL
campo de control de longitud fija 090605s1928 fr |||| | fre d
080 ## - NÚMERO DE LA CLASIFICACIÓN DECIMAL UNIVERSAL
Número de la Clasificación Decimal Universal 782.6
100 1# - ENTRADA PRINCIPAL--NOMBRE DE PERSONA
Nombre de persona Carré, Albert.
9 (RLIN) 35593
245 13 - MENCIÓN DEL TÍTULO
Título Le Roi malgré lui
Resto del título : opéra-comique en trois actes de E. de Najac et P. Burani, d'après une pièce d'Ancelot /
Mención de responsabilidad, etc. version nouvelle de Albert Carré ; musique de Emmanuel Chabrier.
260 ## - PUBLICACIÓN, DISTRIBUCIÓN, ETC.
Lugar de publicación, distribución, etc. Paris :
Nombre del editor, distribuidor, etc. Librairie Théâtrale,
Fecha de publicación, distribución, etc. 1928.
300 ## - DESCRIPCIÓN FÍSICA
Extensión 190 p. ;
Dimensiones 18 cm.
650 #4 - PUNTO DE ACCESO ADICIONAL DE MATERIA--TÉRMINO DE MATERIA
Término de materia o nombre geográfico como elemento de entrada Operetas-
Subdivisión de forma Libretos.
9 (RLIN) 139352
700 1# - ENTRADA AGREGADA--NOMBRE PERSONAL
Nombre de persona Chabrier, Emmanuel.
9 (RLIN) 37739
700 1# - ENTRADA AGREGADA--NOMBRE PERSONAL
Nombre de persona Burani, Paul.
9 (RLIN) 139801
700 1# - ENTRADA AGREGADA--NOMBRE PERSONAL
Nombre de persona Najac, Émile de.
9 (RLIN) 130384
852 4# - LOCALIZACIÓN
Ubicación ES-MaACL
Número de control de estantería E-12668
itemnumber R.140266
Nota libre . - Biblioteca Jacinto Martínez Lacalle
Holdings
Estatus retirado Estado de pérdida Estado de daño No para préstamo Biblioteca de origen Biblioteca actual Ubicación en estantería Fecha de adquisición Fuente de adquisición Total de préstamos Signatura topográfica completa Código de barras Visto por última vez Precio de reemplazo Tipo de ítem Koha
        Biblioteca del Ateneo de Madrid Biblioteca del Ateneo de Madrid Depósito 2 05/06/2009     E-12668 1180404 23/02/2023 23/02/2023 Libro impreso